[Event "BL 0405 Preetzer TSV - SV Werder Bremen"]
[Site "?"]
[Date "2004.12.12"]
[Round "6.3"]
[White "Efimenko, Zahar"]
[Black "Fries Nielsen, Jens Ove"]
[Result "1/2-1/2"]
[WhiteElo "2594"]
[BlackElo "2379"]
[PlyCount "119"]
[EventDate "2004.??.??"]

1. e4 g6 2. d4 Bg7 3. Nc3 c6 4. h3 d5 5. Nf3 dxe4 6. Nxe4 Nf6 7. Nxf6+ exf6 8.
Bc4 O-O 9. O-O b5 10. Bb3 Be6 11. Bxe6 fxe6 12. a4 Qd5 13. Qe2 Nd7 14. b3 b4
15. a5 Rfe8 16. Bb2 Rab8 17. Rfd1 Qb5 18. Rd3 f5 19. Re1 Qxa5 20. Re3 Nf8 21.
Ne5 Qc7 22. Qc4 Qd6 23. Ra1 Re7 24. Ra5 Rc7 25. Re2 Rb5 26. Rxb5 cxb5 27. Qxb5
Bxe5 28. Qxe5 Qxe5 29. dxe5 Rd7 30. Kf1 Rd1+ 31. Re1 Rd2 32. Ra1 Nd7 33. Ke1
Rxc2 34. Bd4 Nb8 35. Kd1 Rc8 36. Bxa7 Nc6 37. Bc5 Nxe5 38. Bxb4 Nd3 39. Be1 e5
40. g3 Kf7 41. b4 Ke6 42. Rb1 Kd7 43. b5 Nxe1 44. Kxe1 Rc2 45. b6 Kc8 46. Rb5
Kb7 47. Rxe5 Kxb6 48. h4 h5 49. Re6+ Rc6 50. Rxc6+ Kxc6 51. Ke2 Kd6 52. Kf3 Ke6
53. Kf4 Kf6 54. f3 Kf7 55. Kg5 Kg7 56. f4 Kf7 57. Kh6 Kf6 58. Kh7 Kf7 59. Kh8
Kf8 60. Kh7 1/2-1/2

[Event "BL 0405 Preetzer TSV - SV Werder Bremen"]
[Site "?"]
[Date "2004.12.12"]
[Round "6.4"]
[White "Skytte, Rasmus"]
[Black "Babula, Vlastimil"]
[Result "0-1"]
[WhiteElo "2392"]
[BlackElo "2571"]
[PlyCount "48"]
[EventDate "2004.??.??"]

1. d4 Nf6 2. Nf3 g6 3. Nc3 d5 4. Bf4 Bg7 5. Qd2 O-O 6. Bh6 c5 7. Bxg7 Kxg7 8.
e3 cxd4 9. exd4 Qb6 10. O-O-O Bg4 11. Be2 Nc6 12. h3 Bf5 13. Nh4 Be6 14. f4
Rac8 15. f5 Nb4 16. Kb1 Ne4 17. Nxe4 dxe4 18. fxe6 Rxc2 19. Qxc2 Nxc2 20. Kxc2
Qc7+ 21. Kb1 Qg3 22. Nf3 Qxg2 23. Rh2 Qg3 24. Rg1 Qd6 0-1

[Event "BL 0405 Preetzer TSV - SV Werder Bremen"]
[Site "?"]
[Date "2004.12.12"]
[Round "6.5"]
[White "Nyback, Tomi"]
[Black "Wisnewski, Christoph"]
[Result "1-0"]
[WhiteElo "2554"]
[BlackElo "2392"]
[PlyCount "85"]
[EventDate "2004.??.??"]

1. d4 d5 2. c4 Nc6 3. Nf3 Bg4 4. Nc3 e6 5. e3 Nf6 6. Bd2 a6 7. Qb3 Bxf3 8. gxf3
Be7 9. cxd5 exd5 10. Rg1 O-O 11. O-O-O b5 12. Ne2 Rb8 13. Nf4 a5 14. Kb1 Rb6
15. Qc2 Kh8 16. Qf5 g6 17. Qh3 Bd6 18. Qh4 Be7 19. Qh6 Ng8 20. Qh3 Bg5 21. Nxd5
Rb7 22. Nc3 b4 23. Ne4 Bh6 24. Nc5 Ra7 25. Nd7 Re8 26. Bb5 Nce7 27. Ne5 Rf8 28.
Bc4 Kg7 29. Ng4 Bg5 30. f4 Bf6 31. Nxf6 Nxf6 32. f3 c5 33. d5 Nexd5 34. e4 Nb6
35. f5 Rd7 36. Bh6+ Kh8 37. Rxd7 Nfxd7 38. fxg6 fxg6 39. Rxg6 Nxc4 40. Bg7+ Kg8
41. Qe6+ Rf7 42. Rg2 Ne3 43. Rg1 1-0

[Event "BL 0405 Preetzer TSV - SV Werder Bremen"]
[Site "?"]
[Date "2004.12.12"]
[Round "6.6"]
[White "Junge, Kai"]
[Black "Fish, Gennadij"]
[Result "0-1"]
[WhiteElo "2259"]
[BlackElo "2523"]
[PlyCount "64"]
[EventDate "2004.??.??"]

1. Nf3 Nf6 2. g3 c5 3. Bg2 g6 4. O-O Bg7 5. c3 O-O 6. d4 Na6 7. Re1 d5 8. Na3
Bf5 9. Ne5 cxd4 10. cxd4 Qb6 11. e3 Rac8 12. g4 Be6 13. Nb1 Ne4 14. f3 Nd6 15.
Nd3 Nb4 16. Nc3 Nxd3 17. Qxd3 f5 18. Na4 Qa5 19. Nc3 fxg4 20. fxg4 Bxg4 21. Bd2
e6 22. Nxd5 Qd8 23. Nf4 Nc4 24. Bc3 Qg5 25. Kh1 Qh4 26. Rf1 Rfd8 27. Qe4 Bf5
28. Qf3 g5 29. Nh5 g4 30. Qxb7 Qxh5 31. d5 Bxc3 32. bxc3 g3 0-1

[Event "BL 0405 Preetzer TSV - SV Werder Bremen"]
[Site "?"]
[Date "2004.12.12"]
[Round "6.7"]
[White "Schandorff, Lars"]
[Black "Willsch, Matthias"]
[Result "1-0"]
[WhiteElo "2510"]
[BlackElo "2250"]
[PlyCount "81"]
[EventDate "2004.??.??"]

1. d4 d5 2. c4 Nc6 3. Nc3 Nf6 4. Nf3 dxc4 5. Bg5 h6 6. Bxf6 exf6 7. e3 Bd6 8.
Bxc4 O-O 9. Qc2 a6 10. a3 f5 11. O-O Qf6 12. Rad1 Re8 13. Rfe1 Bd7 14. b4 g5
15. Bf1 g4 16. Nd2 h5 17. Nc4 Ne7 18. e4 fxe4 19. Nxe4 Qg6 20. Bd3 Qh6 21.
Ncxd6 cxd6 22. Qc7 Ba4 23. Nxd6 Bxd1 24. Nxe8 Rxe8 25. Rxe7 Rxe7 26. Qxe7 Qd2
27. Qe3 Qb2 28. Bc4 Ba4 29. h3 gxh3 30. gxh3 Qb1+ 31. Kh2 Qc2 32. Bd5 Bc6 33.
Qg5+ Kf8 34. Bxc6 bxc6 35. Qc5+ Qxc5 36. dxc5 Ke7 37. Kg3 Ke6 38. Kf4 Kd5 39.
Kg5 Kc4 40. Kxh5 Kb3 41. h4 1-0

[Event "BL 0405 Preetzer TSV - SV Werder Bremen"]
[Site "?"]
[Date "2004.12.12"]
[Round "6.8"]
[White "Marxen, Peter Dr"]
[Black "Skripchenko-Lautier, Almira"]
[Result "1/2-1/2"]
[WhiteElo "2212"]
[BlackElo "2474"]
[PlyCount "95"]
[EventDate "2004.??.??"]

1. e4 c5 2. c3 d6 3. d4 Nf6 4. dxc5 Nc6 5. cxd6 Nxe4 6. Bd3 Nxd6 7. Nf3 g6 8.
O-O Bg7 9. Re1 O-O 10. Bg5 h6 11. Bf4 Re8 12. Bxd6 Qxd6 13. Na3 Bg4 14. Be2 Qc7
15. Qa4 Bd7 16. Qc2 Rad8 17. Rad1 a6 18. Nc4 Bf5 19. Qc1 Be6 20. Qb1 Na5 21.
Ne3 b5 22. Rxd8 Rxd8 23. Rd1 Nb7 24. Rxd8+ Qxd8 25. a3 Nc5 26. h3 f5 27. Nc2
Bf7 28. Nce1 e5 29. Nc2 Qb6 30. Qd1 Ne4 31. Qe1 Nc5 32. Na1 e4 33. Nd2 Na4 34.
Qc1 e3 35. Nf3 exf2+ 36. Kf1 Nc5 37. Qe3 Qd6 38. Kxf2 Ne4+ 39. Kg1 Qg3 40. Nc2
Bf8 41. Ncd4 Bd6 42. Bd3 Bf4 43. Qe2 Ng5 44. Kf1 Nxf3 45. Nxf3 Bd6 46. a4 bxa4
47. Bc4 Kg7 48. Bxf7 1/2-1/2

[Event "BL 0405 SC Kreuzberg - SC Baden Oos"]
[Site "?"]
[Date "2004.12.12"]
[Round "6.1"]
[White "Anand, Viswanathan"]
[Black "Nisipeanu, Liviu-Dieter"]
[Result "1-0"]
[WhiteElo "2781"]
[BlackElo "2687"]
[PlyCount "53"]
[EventDate "2004.??.??"]

1. e4 e5 2. Nf3 d6 3. d4 exd4 4. Nxd4 Nf6 5. f3 Be7 6. c4 O-O 7. Nc3 c6 8. Be3
Re8 9. Qd2 d5 10. cxd5 cxd5 11. Bb5 Bd7 12. e5 Bxb5 13. Ndxb5 a6 14. Nd4 Nfd7
15. f4 Nb6 16. b3 N8d7 17. O-O Rc8 18. Nf5 Bb4 19. Bd4 Nc5 20. Qe3 Rc6 21. Rac1
Qc8 22. Nxg7 Kxg7 23. f5 h6 24. e6+ Kh7 25. Qe5 Rg8 26. exf7 Rg5 27. Qe7 1-0

[Event "BL 0405 SC Kreuzberg - SC Baden Oos"]
[Site "?"]
[Date "2004.12.12"]
[Round "6.3"]
[White "Movsesian, Sergei"]
[Black "Aronian, Levon"]
[Result "1/2-1/2"]
[WhiteElo "2629"]
[BlackElo "2675"]
[PlyCount "37"]
[EventDate "2004.??.??"]

1. e4 e5 2. Nf3 Nc6 3. Bb5 a6 4. Ba4 Nf6 5. O-O Be7 6. Re1 b5 7. Bb3 O-O 8. h3
Bb7 9. d3 d6 10. a3 Qd7 11. Nc3 Nd8 12. d4 exd4 13. Nxd4 Re8 14. Nf5 Ne6 15.
Nxe7+ Rxe7 16. f3 Rd8 17. Be3 d5 18. exd5 Nxd5 19. Nxd5 1/2-1/2

[Event "BL 0405 SC Kreuzberg - SC Baden Oos"]
[Site "?"]
[Date "2004.12.12"]
[Round "6.4"]
[White "Socko, Bartosz"]
[Black "Dautov, Rustem"]
[Result "1-0"]
[WhiteElo "2570"]
[BlackElo "2623"]
[PlyCount "109"]
[EventDate "2004.??.??"]

1. e4 c6 2. d4 d5 3. e5 Bf5 4. Be3 e6 5. Nd2 Nd7 6. Nb3 Ne7 7. f4 a5 8. a4 Qb6
9. Nf3 Be4 10. Be2 Nf5 11. Bf2 Bb4+ 12. c3 Be7 13. O-O Bxf3 14. Bxf3 c5 15.
dxc5 Nxc5 16. Nd4 Nxd4 17. Bxd4 O-O 18. f5 exf5 19. Bxd5 Rad8 20. c4 g6 21. g4
fxg4 22. Qxg4 Qc7 23. Rf3 Ne6 24. Kh1 Nxd4 25. Qxd4 Bc5 26. Qf4 Rde8 27. Re1
Bd6 28. Rfe3 Bb4 29. R1e2 Qd7 30. b3 b6 31. Rf3 Bc5 32. Qh6 Qg4 33. Rg2 Qxf3
34. Bxf3 Rxe5 35. Re2 Rxe2 36. Bxe2 Re8 37. Qd2 Re7 38. Kg2 Kg7 39. Bf3 Kg8 40.
h4 h5 41. Bd5 Kg7 42. Qc3+ f6 43. Qh3 Re2+ 44. Kf1 Rf2+ 45. Ke1 Rf4 46. Ke2 Rg4
47. Bf3 Rd4 48. Bd5 Rg4 49. Qh2 Kh6 50. Kf3 Rd4 51. Be4 g5 52. hxg5+ fxg5 53.
Qe5 g4+ 54. Ke2 Rd6 55. Qf4+ 1-0

[Event "BL 0405 SC Kreuzberg - SC Baden Oos"]
[Site "?"]
[Date "2004.12.12"]
[Round "6.6"]
[White "Kalinitschew, Sergey"]
[Black "Schlosser, Philipp"]
[Result "1/2-1/2"]
[WhiteElo "2533"]
[BlackElo "2570"]
[PlyCount "26"]
[EventDate "2004.??.??"]

1. d4 d5 2. c4 dxc4 3. e3 Nf6 4. Bxc4 e6 5. Qe2 c5 6. dxc5 Bxc5 7. Nf3 Nc6 8.
O-O O-O 9. Nc3 Qc7 10. b3 b6 11. Bb2 Bb7 12. Rac1 Rac8 13. Bd3 Nb4 1/2-1/2

[Event "BL 0405 SC Kreuzberg - SC Baden Oos"]
[Site "?"]
[Date "2004.12.12"]
[Round "6.8"]
[White "Lau, Ralf"]
[Black "Schmaltz, Roland"]
[Result "1/2-1/2"]
[WhiteElo "2481"]
[BlackElo "2528"]
[PlyCount "113"]
[EventDate "2004.??.??"]

1. e4 c5 2. Nf3 e6 3. Nc3 a6 4. g3 b5 5. Bg2 Bb7 6. Qe2 Nc6 7. O-O d6 8. d3 Be7
9. Be3 Nf6 10. h3 O-O 11. a3 Qc7 12. Rac1 Rfe8 13. Rfe1 Bf8 14. Qd2 Rad8 15.
Bf4 Ne5 16. Nh2 h6 17. g4 Ng6 18. Bg3 e5 19. h4 Be7 20. h5 Nf8 21. f4 exf4 22.
Qxf4 Bc8 23. Rf1 Ne6 24. Qd2 Ng5 25. Rf4 Be6 26. Rcf1 Qd7 27. Qd1 Nfh7 28. Ne2
Bf6 29. c3 Be5 30. d4 cxd4 31. cxd4 Bxf4 32. Rxf4 d5 33. e5 Ne4 34. Bh4 Nhg5
35. Ng3 Nxg3 36. Bxg3 Rc8 37. Be1 Rc4 38. Nf1 Rec8 39. Ne3 Rc1 40. Qe2 Rb1 41.
Kh2 Rcc1 42. Bc3 Ne4 43. Rxe4 dxe4 44. Bxe4 Qe7 45. Bxb1 Qh4+ 46. Kg2 Qh1+ 47.
Kg3 Rxb1 48. Kf4 g5+ 49. hxg6 fxg6 50. Qf3 Qh2+ 51. Ke4 Rg1 52. Qf6 Rxg4+ 53.
Nxg4 Qg2+ 54. Ke3 Qxg4 55. Qd8+ Kf7 56. Qc7+ Kg8 57. Qd8+ 1/2-1/2

[Event "BL 0405 SFR Neukölln - SC Eppingen"]
[Site "?"]
[Date "2004.12.12"]
[Round "6.1"]
[White "Gyimesi, Zoltan"]
[Black "Miroshnichenko, Evgenij"]
[Result "1/2-1/2"]
[WhiteElo "2613"]
[BlackElo "2617"]
[PlyCount "50"]
[EventDate "2004.??.??"]

1. d4 Nf6 2. c4 g6 3. Nc3 Bg7 4. e4 O-O 5. Nf3 d6 6. Be2 e5 7. O-O Na6 8. Re1
c6 9. Bf1 exd4 10. Nxd4 Re8 11. f3 Nc5 12. Be3 a5 13. Qd2 a4 14. Rab1 Nfd7 15.
b4 axb3 16. axb3 Ne5 17. Red1 Qe7 18. Kh1 f5 19. Bg5 Qf7 20. exf5 Bxf5 21. Nxf5
Qxf5 22. b4 Ne6 23. Ne4 Nxg5 24. Qxg5 Qxg5 25. Nxg5 Rad8 1/2-1/2

[Event "BL 0405 SFR Neukölln - SC Eppingen"]
[Site "?"]
[Date "2004.12.12"]
[Round "6.2"]
[White "Polzin, Rainer"]
[Black "Acs, Peter"]
[Result "1/2-1/2"]
[WhiteElo "2517"]
[BlackElo "2521"]
[PlyCount "134"]
[EventDate "2004.??.??"]

1. e4 c5 2. Nf3 d6 3. d4 cxd4 4. Nxd4 Nf6 5. Nc3 a6 6. f4 e5 7. Nf3 Nbd7 8. a4
Be7 9. Bd3 O-O 10. O-O exf4 11. Kh1 Nc5 12. Bxf4 Bg4 13. Qd2 Bh5 14. Be3 Nxd3
15. Qxd3 Re8 16. Nd4 Ng4 17. Nd5 Nxe3 18. Qxe3 Bg5 19. Qd3 Bg6 20. Nf5 Rc8 21.
c4 Re6 22. Rad1 Bf6 23. Nxf6+ gxf6 24. b3 Rc5 25. Nxd6 Qe7 26. h3 Rce5 27. Nf5
Bxf5 28. exf5 Rc6 29. Qd8+ Qxd8 30. Rxd8+ Kg7 31. Rb8 Rc7 32. Rf3 Rd7 33. Kh2
Re4 34. Rc8 Re5 35. c5 Rdd5 36. c6 bxc6 37. Rxc6 a5 38. Rg3+ Kf8 39. Rxf6 Rxf5
40. Rxf5 Rxf5 41. Re3 f6 42. Kg3 Kf7 43. Re4 Rf1 44. Rc4 Rd1 45. Rc7+ Kg6 46.
Rb7 h5 47. Rb5 Rd3+ 48. Kf4 h4 49. Rxa5 Rxb3 50. Ra8 Rb4+ 51. Ke3 Kf5 52. Ra5+
Kg6 53. Kd3 Rb2 54. Ra8 Kg7 55. Ra7+ Kg6 56. Ra8 Kg7 57. Re8 Rxg2 58. Re4 Rg3+
59. Re3 Rg1 60. Kc4 Ra1 61. Kb5 f5 62. Re6 Ra3 63. a5 Rxh3 64. a6 Ra3 65. Kb6
h3 66. a7 f4 67. Re2 Kg6 1/2-1/2

[Event "BL 0405 SFR Neukölln - SC Eppingen"]
[Site "?"]
[Date "2004.12.12"]
[Round "6.4"]
[White "Berndt, Stephan"]
[Black "Braun, Arik"]
[Result "1/2-1/2"]
[WhiteElo "2438"]
[BlackElo "2480"]
[PlyCount "86"]
[EventDate "2004.??.??"]

1. e4 e6 2. d4 d5 3. Nc3 Nf6 4. e5 Nfd7 5. f4 c5 6. Nf3 Nc6 7. Be3 a6 8. Qd2 b5
9. dxc5 Bxc5 10. Bxc5 Nxc5 11. Qf2 Qb6 12. Bd3 b4 13. Ne2 a5 14. O-O g6 15. b3
Ba6 16. Rad1 a4 17. Kh1 h5 18. f5 gxf5 19. Nf4 h4 20. Nxh4 Nxe5 21. Nxd5 exd5
22. Rfe1 Qc7 23. Bxf5 Bb7 24. Qf4 Ne4 25. Bxe4 dxe4 26. Nf5 Kf8 27. Rd4 Re8 28.
Red1 Bc8 29. Ne3 Qe7 30. Rxe4 Bb7 31. Nf5 Qc5 32. Rxe5 Rxe5 33. Rd8+ Re8 34.
Rxe8+ Kxe8 35. Nd6+ Kd7 36. Nxb7 Qd5 37. h4 Re8 38. Qxb4 Kc7 39. Nc5 Qd1+ 40.
Kh2 Qd6+ 41. Kg1 Qd1+ 42. Kh2 Qd6+ 43. Kg1 Qd1+ 1/2-1/2

[Event "BL 0405 SFR Neukölln - SC Eppingen"]
[Site "?"]
[Date "2004.12.12"]
[Round "6.5"]
[White "Schulze, Ulrich"]
[Black "Thiede, Lars"]
[Result "1/2-1/2"]
[WhiteElo "2333"]
[BlackElo "2442"]
[PlyCount "42"]
[EventDate "2004.??.??"]

1. d4 g6 2. Nf3 Bg7 3. c4 Nf6 4. g3 O-O 5. Bg2 d6 6. O-O Nbd7 7. Nc3 e5 8. h3
a6 9. e4 b5 10. dxe5 dxe5 11. Qc2 Bb7 12. Rd1 Qb8 13. Be3 Re8 14. a3 Bf8 15.
Ne2 c6 16. b4 Qc7 17. Qb3 Rec8 18. Rac1 Qd8 19. Qb1 Rab8 20. Ba7 Ra8 21. Be3
Rcb8 1/2-1/2

[Event "BL 0405 SFR Neukölln - SC Eppingen"]
[Site "?"]
[Date "2004.12.12"]
[Round "6.6"]
[White "Poldauf, Dirk"]
[Black "Miltner, Arndt"]
[Result "1/2-1/2"]
[WhiteElo "2418"]
[BlackElo "2402"]
[PlyCount "88"]
[EventDate "2004.??.??"]

1. c4 e5 2. Nc3 d6 3. Nf3 f5 4. d4 e4 5. Ng5 Be7 6. Nh3 Nf6 7. g3 O-O 8. Bg2 c6
9. d5 Na6 10. O-O Nc7 11. a4 Bd7 12. f3 exf3 13. exf3 cxd5 14. cxd5 a6 15. Re1
Re8 16. b4 Bf8 17. Be3 Qe7 18. Qd2 Qf7 19. f4 h6 20. Nf2 Rac8 21. Rab1 Qg6 22.
b5 axb5 23. axb5 Ra8 24. Red1 Rec8 25. Bd4 Be7 26. Re1 Qf7 27. Qb2 Bf8 28. Qb3
Re8 29. Red1 Be7 30. Bb6 Rec8 31. Re1 Bd8 32. Bd4 Ra5 33. Qb4 Nxb5 34. Nxb5
Bxb5 35. Qxd6 Ba6 36. Qe6 Rc4 37. Bb6 Bxb6 38. Qxb6 Ra2 39. Qd8+ Qf8 40. Qxf8+
Kxf8 41. Rec1 Rd4 42. Rd1 Rdd2 43. Rxd2 Rxd2 44. d6 Rxd6 1/2-1/2

[Event "BL 0405 SFR Neukölln - SC Eppingen"]
[Site "?"]
[Date "2004.12.12"]
[Round "6.7"]
[White "Balzar, Andreas Dr"]
[Black "Schwarz, Michael"]
[Result "1/2-1/2"]
[WhiteElo "2352"]
[BlackElo "2408"]
[PlyCount "87"]
[EventDate "2004.??.??"]

1. e4 c6 2. Nc3 d5 3. Nf3 g6 4. d4 Bg7 5. h3 dxe4 6. Nxe4 Nd7 7. Bd3 Ngf6 8.
O-O Nxe4 9. Bxe4 O-O 10. Bg5 Nf6 11. Bd3 Qb6 12. Qc1 c5 13. dxc5 Qxc5 14. Re1
Be6 15. Be3 Qc7 16. Nd4 Bc4 17. Nb5 Bxb5 18. Bxb5 Nd5 19. c3 a6 20. Ba4 Nxe3
21. Qxe3 e6 22. Bb3 Rad8 23. Rad1 Rxd1 24. Rxd1 Rd8 25. Qe2 Rxd1+ 26. Qxd1 h5
27. h4 Be5 28. Qd3 Kg7 29. g3 a5 30. Bd1 Qb6 31. b3 Qc5 32. c4 b6 33. Kg2 Bd4
34. Bf3 Be5 35. Qe2 Qd4 36. Be4 f5 37. Bb1 Kf6 38. Bc2 Qb2 39. Bd3 Qd4 40. f4
Bd6 41. Kh3 e5 42. fxe5+ Qxe5 43. Qxe5+ Kxe5 44. Be2 1/2-1/2

[Event "BL 0405 SFR Neukölln - SC Eppingen"]
[Site "?"]
[Date "2004.12.12"]
[Round "6.8"]
[White "Rudolf, Henrik"]
[Black "Rau, Hannes"]
[Result "1-0"]
[WhiteElo "2322"]
[BlackElo "2384"]
[PlyCount "73"]
[EventDate "2004.??.??"]

1. e4 c5 2. Nf3 d6 3. d4 cxd4 4. Nxd4 Nf6 5. Nc3 Nc6 6. Bg5 e6 7. Qd2 a6 8.
O-O-O h6 9. Be3 Bd7 10. f3 b5 11. Nxc6 Bxc6 12. Bd3 Be7 13. Qf2 Qc7 14. Rhe1 b4
15. Ne2 d5 16. e5 Nd7 17. f4 Bb5 18. Kb1 g6 19. Nd4 Qb7 20. g4 Bxd3 21. cxd3 h5
22. f5 Nc5 23. Rf1 Kd7 24. Nxe6 Nxe6 25. fxe6+ fxe6 26. Bc5 Raf8 27. Qd4 Qb8
28. Bxe7 Kxe7 29. gxh5 gxh5 30. Rxf8 Rxf8 31. Qh4+ Kd7 32. Qxh5 Qe8 33. Qg4 Qe7
34. Qd4 Rf5 35. Re1 Ke8 36. Qb6 Qg5 37. Qxe6+ 1-0

[Event "BL 0405 SV Wattenscheid - Stuttgarter S"]
[Site "?"]
[Date "2004.12.12"]
[Round "6.1"]
[White "Sedlak, Nikola"]
[Black "Nielsen, Peter-Heine"]
[Result "0-1"]
[WhiteElo "2521"]
[BlackElo "2663"]
[PlyCount "50"]
[EventDate "2004.??.??"]

1. e4 c5 2. Nf3 d6 3. d4 cxd4 4. Nxd4 Nf6 5. Nc3 a6 6. Rg1 e6 7. g4 b5 8. g5
Nfd7 9. a3 Bb7 10. f4 Nb6 11. f5 e5 12. Nb3 Na4 13. Nd5 Nd7 14. Bd2 Nxb2 15.
Qh5 Bxd5 16. exd5 Qc7 17. Na5 Qxc2 18. g6 Qe4+ 19. Be2 hxg6 20. Qxh8 Nd3+ 21.
Kf1 Qxf5+ 22. Kg2 Qf2+ 23. Kh1 Qxe2 24. Rg2 Nf2+ 25. Kg1 Qxd2 0-1

[Event "BL 0405 SV Wattenscheid - Stuttgarter S"]
[Site "?"]
[Date "2004.12.12"]
[Round "6.2"]
[White "Macieja, Bartlomiej"]
[Black "Schmittdiel, Eckhard"]
[Result "1/2-1/2"]
[WhiteElo "2613"]
[BlackElo "2454"]
[PlyCount "198"]
[EventDate "2004.??.??"]

1. e4 c5 2. Nc3 Nc6 3. Bb5 Nd4 4. Bc4 e6 5. Nge2 a6 6. a4 Qc7 7. d3 g6 8. Nxd4
cxd4 9. Ne2 Bg7 10. O-O Ne7 11. b4 O-O 12. Bb2 Rd8 13. Bxd4 Bxd4 14. Nxd4 d5
15. exd5 Nxd5 16. Bxd5 Rxd5 17. Nb3 b6 18. a5 Bb7 19. Qd2 Rh5 20. f4 b5 21.
Rae1 Rd8 22. Rf2 Ba8 23. d4 Qc4 24. Re5 Rf5 25. Rfe2 Kg7 26. h3 h5 27. Kf2 Bb7
28. Ke1 Bd5 29. Nc5 Rf6 30. c3 Rd6 31. Kf2 Rc6 32. Kg1 Rxc5 33. bxc5 Qa4 34. g4
hxg4 35. hxg4 Bf3 36. g5 Rf5 37. Re1 Qxa5 38. Qe3 Bd5 39. Rxf5 gxf5 40. Qe5+
Kg8 41. Qe3 Qa2 42. Re2 Qb1+ 43. Kf2 Qb3 44. Kg3 a5 45. Kh4 Qd1 46. Qf2 Bc4 47.
c6 Bxe2 48. c7 Qh1+ 49. Kg3 Qc6 50. Qxe2 Qxc3+ 51. Kg2 Qxc7 52. Qxb5 Qxf4 53.
Qe8+ Kg7 54. Qd8 a4 55. Qf6+ Kg8 56. Qd8+ Kh7 57. Qe7 Kg6 58. Qf6+ Kh5 59.
Qxf7+ Kxg5 60. Qg7+ Kh5 61. Qf7+ Kg4 62. Qg6+ Qg5 63. Qxe6 Qd2+ 64. Kh1 Qxd4
65. Qg6+ Kf4 66. Qg3+ Ke4 67. Qg2+ Ke5 68. Qg7+ Kd5 69. Qg8+ Ke4 70. Qg2+ Kd3
71. Qf1+ Kd2 72. Qxf5 a3 73. Qf2+ Kc3 74. Qf3+ Qd3 75. Qf6+ Kc2 76. Qf2+ Qd2
77. Qf5+ Kb2 78. Qb5+ Ka1 79. Qf1+ Ka2 80. Qf7+ Kb1 81. Qf5+ Qc2 82. Qb5+ Qb2
83. Qd3+ Ka1 84. Qd6 a2 85. Qd5 Kb1 86. Qe4+ Qc2 87. Qb4+ Kc1 88. Qa3+ Kd1 89.
Qf3+ Qe2 90. Qb3+ Ke1 91. Qc3+ Kf2 92. Qd4+ Kg3 93. Qd6+ Kf2 94. Qd4+ Kf3 95.
Qf6+ Kg4 96. Qg6+ Kh4 97. Qf6+ Kh5 98. Qf5+ Kh4 99. Qf2+ Qxf2 1/2-1/2

[Event "BL 0405 SV Wattenscheid - Stuttgarter S"]
[Site "?"]
[Date "2004.12.12"]
[Round "6.3"]
[White "Papa, Severin"]
[Black "Rustemov, Alexander"]
[Result "1/2-1/2"]
[WhiteElo "2411"]
[BlackElo "2602"]
[PlyCount "42"]
[EventDate "2004.??.??"]

1. d4 d5 2. c4 e6 3. Nc3 Be7 4. Nf3 Nf6 5. Bg5 h6 6. Bh4 O-O 7. e3 b6 8. Be2
Bb7 9. Bxf6 Bxf6 10. cxd5 exd5 11. b4 c6 12. O-O Re8 13. Qb3 a5 14. bxa5 Rxa5
15. a4 Bc8 16. Rfd1 Be6 17. Rac1 Nd7 18. Qc2 Qa8 19. h3 Be7 20. Rb1 Bd6 21. Bd3
Qb7 1/2-1/2

[Event "BL 0405 SV Wattenscheid - Stuttgarter S"]
[Site "?"]
[Date "2004.12.12"]
[Round "6.4"]
[White "Handke, Florian"]
[Black "Reuss, Andreas"]
[Result "1-0"]
[WhiteElo "2467"]
[BlackElo "2356"]
[PlyCount "37"]
[EventDate "2004.??.??"]

1. d4 d5 2. c4 e6 3. Nf3 Nf6 4. g3 Bb4+ 5. Bd2 Bxd2+ 6. Nbxd2 b6 7. Qa4+ c6 8.
Bg2 O-O 9. Qc2 Nbd7 10. O-O Bb7 11. Rfd1 c5 12. cxd5 exd5 13. dxc5 bxc5 14. e4
d4 15. e5 Nd5 16. a3 h6 17. Nc4 Bc6 18. Qd2 a5 19. Nxd4 1-0

[Event "BL 0405 SV Wattenscheid - Stuttgarter S"]
[Site "?"]
[Date "2004.12.12"]
[Round "6.5"]
[White "Vujic, Branimir"]
[Black "Appel, Ralf"]
[Result "1-0"]
[WhiteElo "2360"]
[BlackElo "2507"]
[PlyCount "101"]
[EventDate "2004.??.??"]

1. d4 Nf6 2. Nf3 d6 3. Nc3 Nbd7 4. e4 e5 5. g4 Nxg4 6. Rg1 exd4 7. Nxd4 Ngf6 8.
Be3 g6 9. Qd2 Ne5 10. Be2 Bg7 11. O-O-O O-O 12. Bg5 Kh8 13. Qf4 c6 14. Qh4 Ned7
15. Rg3 Qe8 16. Nb3 Ng8 17. Rxd6 f6 18. Be3 g5 19. Qh3 Ne5 20. Qg2 Ng6 21. Qg1
Qe5 22. Rd2 N8e7 23. Bc5 b6 24. Bd6 Qe6 25. Qf1 Ne5 26. h4 Rd8 27. Qh1 gxh4 28.
Rxg7 Kxg7 29. f4 Nf7 30. f5 Qxd6 31. Rxd6 Rxd6 32. Qg1+ Kh8 33. Qh2 Ne5 34. Nd2
b5 35. Nf3 Nf7 36. Nxh4 Rd7 37. Nf3 Ng8 38. e5 Nfh6 39. e6 Rg7 40. Nh4 Ne7 41.
Bd3 Bb7 42. Ne4 Ng4 43. Qh3 c5 44. Nd6 Bc6 45. Ng6+ Nxg6 46. fxg6 Nf2 47. Qe3
Nxd3+ 48. cxd3 hxg6 49. Qxc5 Be8 50. d4 Rh7 51. Ne4 1-0

[Event "BL 0405 SV Wattenscheid - Stuttgarter S"]
[Site "?"]
[Date "2004.12.12"]
[Round "6.6"]
[White "Holzke, Frank Dr"]
[Black "Vuckovic, Aleksandar"]
[Result "1-0"]
[WhiteElo "2492"]
[BlackElo "2325"]
[PlyCount "69"]
[EventDate "2004.??.??"]

1. e4 c5 2. Nf3 Nc6 3. d4 cxd4 4. Nxd4 g6 5. c4 Bg7 6. Be3 Nf6 7. Nc3 O-O 8.
Be2 d6 9. O-O Nxd4 10. Bxd4 Bd7 11. Qd2 Bc6 12. f3 a5 13. b3 Nd7 14. Be3 Nc5
15. Rab1 Qb6 16. Rfc1 Rfc8 17. Rc2 Qd8 18. Bf1 Qf8 19. Nd5 Bxd5 20. exd5 h5 21.
Re1 Kh7 22. h3 Rc7 23. g4 Bh6 24. f4 hxg4 25. hxg4 Kg8 26. Bh3 Bg7 27. f5 Be5
28. fxg6 fxg6 29. Bxc5 Rxc5 30. Rf1 Qg7 31. g5 Bd4+ 32. Kh1 Qh7 33. Kg2 Qh4 34.
Be6+ Kg7 35. Qf4 1-0

[Event "BL 0405 SV Wattenscheid - Stuttgarter S"]
[Site "?"]
[Date "2004.12.12"]
[Round "6.7"]
[White "Lorscheid, Gerhard"]
[Black "Dinstuhl, Volkmar Dr"]
[Result "1/2-1/2"]
[WhiteElo "2274"]
[BlackElo "2420"]
[PlyCount "78"]
[EventDate "2004.??.??"]

1. d4 d5 2. c4 dxc4 3. Nf3 e6 4. e3 c5 5. Bxc4 a6 6. dxc5 Bxc5 7. Qxd8+ Kxd8 8.
a3 Nf6 9. Ke2 Ke7 10. Nbd2 Nc6 11. b4 Bd6 12. Bb2 b5 13. Bd3 Bb7 14. Rhc1 Rhc8
15. Nb3 Nd7 16. h3 g6 17. Nfd2 f5 18. f3 Nce5 19. Na5 Rcb8 20. Bb1 Nf7 21. Ndb3
Nd8 22. Nxb7 Nxb7 23. Nd4 Nd8 24. Nb3 Rc8 25. Bd3 Ne5 26. Bd4 Nb7 27. Nc5 Bxc5
28. Bxe5 Bd6 29. Bb2 Nd8 30. Rxc8 Rxc8 31. Rc1 Nc6 32. a4 Bxb4 33. axb5 axb5
34. Bxb5 Na7 35. Rxc8 Nxc8 36. Bd3 Nb6 37. e4 Na4 38. Bd4 Bc3 39. Bb5 Bxd4
1/2-1/2

[Event "BL 0405 SV Wattenscheid - Stuttgarter S"]
[Site "?"]
[Date "2004.12.12"]
[Round "6.8"]
[White "Lemmers, Oscar"]
[Black "Haas, Wilhelm"]
[Result "1-0"]
[WhiteElo "2401"]
[BlackElo "2181"]
[PlyCount "161"]
[EventDate "2004.??.??"]

1. e4 c5 2. c3 Qa5 3. Nf3 Nc6 4. g3 d6 5. Bg2 Nf6 6. Qe2 e5 7. O-O Be7 8. Nh4
O-O 9. d3 Re8 10. f4 exf4 11. Bxf4 Bf8 12. Na3 Ne5 13. Bg5 Nfg4 14. h3 h6 15.
Bc1 Nf6 16. Bxh6 gxh6 17. Rxf6 Bg7 18. Rf2 Be6 19. Nc4 Nxc4 20. dxc4 Qd8 21.
Nf5 Bxf5 22. Rxf5 Re5 23. Raf1 Rxf5 24. Rxf5 Qe7 25. Qh5 Rf8 26. h4 Qe6 27. e5
dxe5 28. Bd5 Qe7 29. Be4 Qd7 30. Rf2 b6 31. Qf3 Kh8 32. Bc2 Kg8 33. g4 Qe6 34.
b3 e4 35. Bxe4 Bxc3 36. Bd5 Qe1+ 37. Rf1 Bd4+ 38. Kg2 Qe7 39. Qf5 Qe2+ 40. Kh3
Qe3+ 41. Rf3 Qe5 42. Bxf7+ Kh8 43. Qg6 Qg7 44. Qe6 Kh7 45. g5 Bb2 46. Kg4 Bc1
47. Rf6 hxg5 48. Qf5+ Kh8 49. hxg5 Qxg5+ 50. Qxg5 Bxg5 51. Kxg5 Kg7 52. Rg6+
Kxf7 53. Rf6+ Ke7 54. Rxf8 Kxf8 55. Kf6 Ke8 56. Ke6 Kd8 57. Kd6 Kc8 58. Kc6 Kb8
59. a4 Kc8 60. a5 bxa5 61. Kxc5 a4 62. bxa4 Kc7 63. Kb5 Kb7 64. a5 Kc7 65. Kc5
Kd7 66. Kb5 Kc7 67. Ka6 Kb8 68. c5 Ka8 69. Kb5 Kb7 70. Kc4 Kc6 71. Kd4 Kc7 72.
Kd5 Kd7 73. c6+ Kc7 74. Kc5 Kd8 75. Kc4 Kc8 76. Kc5 Kd8 77. Kb4 Kc8 78. Kc4 Kd8
79. Kc5 Kc8 80. Kd6 Kd8 81. c7+ 1-0

[Event "BL 0405 Solinger SG - TV Tegernsee"]
[Site "?"]
[Date "2004.12.12"]
[Round "6.2"]
[White "Naumann, Alexander"]
[Black "Sokolov, Andrei"]
[Result "1/2-1/2"]
[WhiteElo "2538"]
[BlackElo "2591"]
[PlyCount "27"]
[EventDate "2004.??.??"]

1. e4 c5 2. Nf3 Nc6 3. d4 cxd4 4. Nxd4 Qc7 5. Nc3 e6 6. Be3 Nf6 7. Qd2 a6 8.
O-O-O Bb4 9. f3 d6 10. Nb3 e5 11. a3 Bxc3 12. Qxc3 Be6 13. Bc4 Rc8 14. Bxe6
1/2-1/2